Relationship - 2 : (Record no. 64120)

MARC details
000 -LEADER
fixed length control field 00568nam a22001577a 4500
005 - DATE AND TIME OF LATEST TRANSACTION
control field 20120319115618.0
020 ## - INTERNATIONAL STANDARD BOOK NUMBER
Terms of availability 00.00
035 ## - SYSTEM CONTROL NUMBER
System control number B-88277
037 ## - SOURCE OF ACQUISITION
Stock number DPL
Source of stock number/acquisition ENG
100 ## - MAIN ENTRY--PERSONAL NAME
Personal name Jain, Nagraj
245 ## - TITLE STATEMENT
Title Relationship - 2 :
Remainder of title The art and philosophy of existence /
Statement of responsibility, etc by Nagraj Jain
260 ## - PUBLICATION, DISTRIBUTION, ETC. (IMPRINT)
Place of publication, distribution, etc Mumbai
Name of publisher, distributor, etc P.N. Jain
Date of publication, distribution, etc 2002
300 ## - PHYSICAL DESCRIPTION
Extent 246p.
Dimensions 16 cms.
942 ## - ADDED ENTRY ELEMENTS (KOHA)
Source of classification or shelving scheme Dewey Decimal Classification
Item type English Books
Classification part 181.4
Call number suffix JAI
Holdings
Withdrawn status Lost status Not for loan Collection code Home library Current library Date acquired Cost, normal purchase price Full call number Barcode Cost, replacement price Koha item type Public note
      Non-fiction Sarojini Nagar Sarojini Nagar 19/03/2012 0.00 181.4 JAI B-88277 0.00 English Books Withdrawn List Prepared L.No.70/15

© Delhi Public Library
Hit Counter
free hit counter